[Event "Kvika Reykjavik Open 2022"]
[Site "Reykjavik, Iceland"]
[Date "2022.04.07"]
[Round "3.14"]
[White "Stefansson, Vignir Vatnar"]
[Black "Zysko, Jan"]
[Result "1-0"]
[WhiteElo "2501"]
[BlackElo "2110"]
[PlyCount "87"]
[EventDate "2022.??.??"]

1. c4 {[%eval 23,0]} c6 {[%eval 23,0]} 2. d4 {[%eval 13,0]} d5 {[%eval 28,0]}
3. Nc3 {[%eval 16,0]} Nf6 {[%eval 27,0]} 4. e3 {[%eval 0,0]} e6 {[%eval 23,0]}
5. Rb1 {[%eval 13,0]} Nbd7 {[%eval 9,0]} 6. Qc2 {[%eval 18,0]} dxc4 {[%eval 0,
0]} 7. Bxc4 {[%eval 5,0]} Bd6 {[%eval 34,0]} 8. Nge2 {[%eval 16,0]} O-O {
[%eval 4,0]} 9. f4 $6 {[%eval 88,0] Inaccuracy. O-O was best.} (9. O-O e5) 9...
c5 {[%eval 67,0]} 10. O-O {[%eval 63,0]} a6 {[%eval 47,0]} 11. a4 {[%eval 58,0]
} Qc7 {[%eval 2,0]} 12. b3 {[%eval 3,0]} cxd4 {[%eval 14,0]} 13. Nxd4 {[%eval
23,0]} Nb6 {[%eval 26,0]} 14. Bd3 {[%eval 76,0]} e5 {[%eval 15,0]} 15. Nde2 $6
{[%eval 9,0] Inaccuracy. fxe5 was best.} (15. fxe5 Bxe5 16. h3 Re8 17. Bb2 Be6
18. Rbc1 Bxd4 19. exd4 Qg3 20. Rxf6 gxf6 21. Rf1 Nd5) 15... h6 {[%eval 7,0]}
16. h3 {[%eval 51,0]} Bd7 {[%eval 3,0]} 17. Bb2 $6 {[%eval 9,0] Inaccuracy.
Ne4 was best.} (17. Ne4 Nbd5) 17... Rfe8 $6 {[%eval 4,0] Inaccuracy. Qc5 was
best.} (17... Qc5 18. Kh1 Bc6 19. Ng3 Nbd5 20. Nxd5 Nxd5 21. Bh7+ Kh8 22. Qxc5
Bxc5 23. Be4 exf4 24. exf4) 18. Rbd1 {[%eval 35,0]} Bc6 {[%eval 33,0]} 19. Ng3
{[%eval 15,0]} exf4 {[%eval 34,0]} 20. Nf5 {[%eval 32,0]} Bc5 $6 {[%eval 45,0]
Inaccuracy. Rad8 was best.} (20... Rad8) 21. Ne2 {[%eval 71,0]} Nbd7 $4 {
[%eval 241,0] Blunder. Bd7 was best.} (21... Bd7) 22. Nxf4 $4 {[%eval 56,0]
Blunder. Bxf6 was best.} (22. Bxf6) 22... Qb6 $4 {[%eval 357,0] Blunder. Rxe3
was best.} (22... Rxe3 23. Kh2) 23. Bd4 $4 {[%eval 127,0] Blunder. Bc4 was
best.} (23. Bc4 Bxe3+ 24. Kh1 Bxf4 25. Rxf4 Re4 26. Nxh6+ gxh6 27. Bxf6 Qe3 28.
Bxf7+ Kxf7 29. Rxd7+ Bxd7) 23... Bxd4 {[%eval 81,0]} 24. exd4 {[%eval 123,0]}
Rac8 $6 {[%eval 233,0] Inaccuracy. Kh8 was best.} (24... Kh8 25. Qa2) 25. Nd6 {
[%eval 222,0]} Qxd4+ {[%eval 199,0]} 26. Qf2 {[%eval 154,0]} Qb4 $2 {[%eval
339,0] Mistake. Qxd6 was best.} (26... Qxd6) 27. Nxc8 {[%eval 319,0]} Rxc8 {
[%eval 333,0]} 28. Qg3 $4 {[%eval 134,0] Blunder. Bc4 was best.} (28. Bc4)
28... Ne5 {[%eval 159,0]} 29. Bf5 {[%eval 154,0]} Re8 {[%eval 171,0]} 30. Kh2 {
[%eval 164,0]} Qc5 $6 {[%eval 246,0] Inaccuracy. Be4 was best.} (30... Be4 31.
Bxe4) 31. Bb1 {[%eval 213,0]} Ne4 {[%eval 244,0]} 32. Bxe4 {[%eval 215,0]} Bxe4
{[%eval 233,0]} 33. Rde1 {[%eval 223,0]} f5 $4 {[%eval 507,0] Blunder. Qc6 was
best.} (33... Qc6 34. Rc1) 34. Nh5 {[%eval 502,0]} Qe7 {[%eval 512,0]} 35. Rxe4
{[%eval 507,0]} fxe4 {[%eval 519,0]} 36. Nf6+ {[%eval 512,0]} Kh8 {[%eval 508,
0]} 37. Nxe8 {[%eval 532,0]} Qxe8 {[%eval 503,0]} 38. Qf4 {[%eval 504,0]} Nd7 {
[%eval 600,0]} 39. Qf7 $6 {[%eval 404,0] Inaccuracy. Qf5 was best.} (39. Qf5)
39... Qe5+ {[%eval 444,0]} 40. Kh1 {[%eval 436,0]} Nc5 $6 {[%eval 700,0]
Inaccuracy. Nf6 was best.} (40... Nf6 41. Qxb7) 41. Rf5 {[%eval 700,0]} Qa1+ {
[%eval 802,0]} 42. Kh2 {[%eval 803,0]} b6 {[%eval 871,0]} 43. Qe8+ {[%eval 861,
0]} Kh7 {[%eval 853,0]} 44. Rf8 {[%eval 868,0]} 1-0

[Event "Kvika Reykjavik Open 2022"]
[Site "Reykjavik, Iceland"]
[Date "2022.04.07"]
[Round "3.15"]
[White "Laurent-Paoli, Pierre"]
[Black "Sowray, Peter J"]
[Result "1-0"]
[WhiteElo "2487"]
[BlackElo "2243"]
[PlyCount "73"]
[EventDate "2022.??.??"]

1. d4 {[%eval 3,0]} d5 {[%eval 35,0]} 2. c4 {[%eval 36,0]} e6 {[%eval 3,0]} 3.
Nf3 {[%eval 0,0]} Nf6 {[%eval 17,0]} 4. g3 {[%eval 18,0]} Bb4+ {[%eval 19,0]}
5. Bd2 {[%eval 19,0]} Be7 {[%eval 14,0]} 6. Bg2 {[%eval 17,0]} O-O {[%eval 15,
0]} 7. O-O {[%eval 13,0]} c6 {[%eval 17,0]} 8. Qc2 {[%eval 12,0]} b6 {[%eval 3,
0]} 9. Rd1 {[%eval 19,0]} Nbd7 {[%eval 2,0]} 10. b3 {[%eval 32,0]} Bb7 {
[%eval 37,0]} 11. Nc3 {[%eval 54,0]} Rc8 {[%eval 52,0]} 12. e4 {[%eval 44,0]}
c5 $6 {[%eval 142,0] Inaccuracy. dxe4 was best.} (12... dxe4) 13. exd5 {
[%eval 149,0]} exd5 {[%eval 103,0]} 14. Bf4 $6 {[%eval 41,0] Inaccuracy. Be3
was best.} (14. Be3 Re8 15. Ne5 Bf8 16. Nxd7 Qxd7 17. dxc5 Rxe3 18. fxe3 Bxc5
19. Kh1 Bxe3 20. Nxd5 Bxd5) 14... Re8 {[%eval 43,0]} 15. dxc5 {[%eval 66,0]}
dxc4 {[%eval 89,0]} 16. b4 {[%eval 77,0]} bxc5 {[%eval 69,0]} 17. b5 {[%eval
61,0]} Qa5 $6 {[%eval 157,0] Inaccuracy. Qb6 was best.} (17... Qb6) 18. a4 {
[%eval 175,0]} Nf8 {[%eval 164,0]} 19. Ne5 {[%eval 154,0]} Bxg2 {[%eval 147,0]}
20. Nxc4 {[%eval 159,0]} Qb4 {[%eval 106,0]} 21. Na2 {[%eval 167,0]} Be4 $6 {
[%eval 228,0] Inaccuracy. Bd5 was best.} (21... Bd5) 22. Nxb4 {[%eval 222,0]}
Bxc2 {[%eval 221,0]} 23. Nxc2 {[%eval 219,0]} Ne6 {[%eval 219,0]} 24. N2e3 {
[%eval 224,0]} Nxf4 {[%eval 243,0]} 25. gxf4 {[%eval 225,0]} Rb8 {[%eval 287,0]
} 26. Kg2 {[%eval 302,0]} Red8 $6 {[%eval 398,0] Inaccuracy. g6 was best.} (
26... g6 27. Kf3) 27. Ne5 {[%eval 369,0]} Rxd1 $6 {[%eval 524,0] Inaccuracy.
Rb7 was best.} (27... Rb7 28. Nc6) 28. Rxd1 {[%eval 546,0]} g6 {[%eval 581,0]}
29. Kf3 $6 {[%eval 400,0] Inaccuracy. Nc6 was best.} (29. Nc6 Rb7 30. a5 Kg7
31. b6 axb6 32. a6 Rc7 33. a7 Rxc6 34. a8=Q Re6 35. Rb1 b5) 29... Kf8 $6 {
[%eval 549,0] Inaccuracy. Rb7 was best.} (29... Rb7 30. N3c4) 30. Rd7 {[%eval
527,0]} Ra8 $6 {[%eval 701,0] Inaccuracy. a6 was best.} (30... a6 31. Rxe7 Kxe7
32. Nc6+ Kd6 33. Nxb8 axb5 34. axb5 Kc7 35. Nc6 Kb6 36. Nd8 Kxb5 37. Nxf7) 31.
Rb7 {[%eval 702,0]} c4 {[%eval 699,0]} 32. N3xc4 {[%eval 723,0]} Nd5 {[%eval
699,0]} 33. Nc6 {[%eval 736,0]} a6 {[%eval 681,0]} 34. b6 {[%eval 714,0]} Bc5 {
[%eval 784,0]} 35. a5 {[%eval 784,0]} Rc8 {[%eval 803,0]} 36. N4e5 {[%eval 792,
0]} Ke8 {[%eval 776,0]} 37. Na7 {[%eval 791,0]} 1-0

[Event "Kvika Reykjavik Open 2022"]
[Site "Reykjavik, Iceland"]
[Date "2022.04.07"]
[Round "3.16"]
[White "Minko, Dmitry"]
[Black "Hjartarson, Johann"]
[Result "0-1"]
[WhiteElo "2298"]
[BlackElo "2465"]
[PlyCount "92"]
[EventDate "2022.??.??"]

1. e4 {[%eval 33,0]} Nf6 {[%eval 29,0]} 2. e5 {[%eval 35,0]} Nd5 {[%eval 89,0]}
3. c4 $6 {[%eval 25,0] Inaccuracy. d4 was best.} (3. d4 d6 4. c4 Nb6 5. f4 dxe5
6. fxe5 Nc6 7. Be3 Bf5) 3... Nb6 {[%eval 4,0]} 4. d4 {[%eval 81,0]} d6 {
[%eval 25,0]} 5. exd6 {[%eval 25,0]} cxd6 {[%eval 51,0]} 6. Nc3 {[%eval 63,0]}
g6 {[%eval 86,0]} 7. Be3 {[%eval 65,0]} Bg7 {[%eval 48,0]} 8. b3 {[%eval 33,0]}
O-O {[%eval 33,0]} 9. Rc1 {[%eval 71,0]} Bf5 {[%eval 77,0]} 10. Nf3 {[%eval
100,0]} d5 {[%eval 57,0]} 11. c5 {[%eval 45,0]} Nc8 {[%eval 76,0]} 12. Be2 $6 {
[%eval 16,0] Inaccuracy. b4 was best.} (12. b4 a6 13. a4 Bg4 14. Be2 e6 15. b5
Ne7 16. Qd2 Nf5 17. O-O axb5 18. axb5 Nd7) 12... Nc6 {[%eval 37,0]} 13. O-O {
[%eval 3,0]} Bg4 {[%eval 56,0]} 14. b4 {[%eval 46,0]} a6 {[%eval 29,0]} 15. a3
{[%eval 17,0]} Bxf3 {[%eval 27,0]} 16. Bxf3 {[%eval 9,0]} e6 {[%eval 3,0]} 17.
b5 $2 {[%eval -87,0] Mistake. Ne2 was best.} (17. Ne2 N8e7 18. Bg4 Re8 19. Re1
e5 20. Bh3 Nf5 21. Bxf5 exd4 22. Nxd4 Bxd4 23. Bxd4 Rxe1+) 17... axb5 {[%eval
99,0]} 18. Nxb5 {[%eval 73,0]} N8e7 $6 {[%eval 0,0] Inaccuracy. N8a7 was best.}
(18... N8a7 19. a4 Qf6 20. g4 Nxb5 21. g5 Qf5 22. axb5 Nxd4 23. Bxd4 Bxd4 24.
Qxd4 Qxf3 25. c6) 19. Qd3 $2 {[%eval -97,0] Mistake. g4 was best.} (19. g4)
19... Nf5 {[%eval -95,0]} 20. Bg4 {[%eval -65,0]} Qf6 $4 {[%eval 2,0] Blunder.
Nxe3 was best.} (20... Nxe3) 21. Bxf5 {[%eval 29,0]} gxf5 {[%eval 1,0]} 22. g3
{[%eval 0,0]} h5 {[%eval 27,0]} 23. Rfd1 {[%eval 0,0]} h4 {[%eval 17,0]} 24.
Rb1 {[%eval 26,0]} Ra4 {[%eval 16,0]} 25. Qb3 $6 {[%eval 84,0] Inaccuracy. Nc3
was best.} (25. Nc3 Rc4) 25... Rc4 {[%eval 81,0]} 26. Rbc1 {[%eval 67,0]} Rxc1
{[%eval 7,0]} 27. Rxc1 {[%eval 45,0]} Qg6 {[%eval 73,0]} 28. Qd1 {[%eval 69,0]}
Ra8 {[%eval 65,0]} 29. Rb1 $6 {[%eval -56,0] Inaccuracy. Kg2 was best.} (29.
Kg2 Bh6) 29... Bf6 $2 {[%eval 33,0] Mistake. f4 was best.} (29... f4 30. Bxf4)
30. Nd6 {[%eval 52,0]} hxg3 {[%eval 55,0]} 31. hxg3 {[%eval 0,0]} Rxa3 {
[%eval 0,0]} 32. Rxb7 $6 {[%eval 58,0] Inaccuracy. Ra1 was best.} (32. Ra1 Rxe3
33. Ra8+ Nd8 34. fxe3 Qxg3+ 35. Kf1 Qxe3 36. Qh5 Qd3+ 37. Kg2 Qd2+ 38. Kh1 Qc1+
) 32... f4 {[%eval 75,0]} 33. Bxf4 {[%eval 5,0]} Bxd4 {[%eval -76,0]} 34. Nxf7
$4 {[%eval -348,0] Blunder. Kg2 was best.} (34. Kg2 Ra2) 34... Ra1 {[%eval
-392,0]} 35. Nh6+ {[%eval -347,0]} Kf8 {[%eval -301,0]} 36. Bc1 $2 {[%eval
-802,0] Mistake. Bd6+ was best.} (36. Bd6+ Ke8) 36... Qxg3+ {[%eval -577,0]}
37. Kh1 {[%eval -1258,0]} Qh3+ {[%eval -854,0]} 38. Kg1 {[%eval -5805,0]} Qg3+
{[%eval -1574,0]} 39. Kh1 {[%eval -696,0]} Qh4+ {[%eval -911,0]} 40. Kg2 {
[%eval -1297,0]} Qxf2+ {[%eval -1134,0]} 41. Kh3 {[%eval -1658,0]} Rxc1 {
[%eval -1676,0]} 42. Qxc1 {[%eval -5899,0]} Qf3+ {[%eval -6228,0]} 43. Kh2 {
[%eval -6691,0]} Be5+ {[%eval -4692,0]} 44. Kg1 {[%eval -6815,0]} Qg3+ {
[%eval -6602,0]} 45. Kf1 {[%eval -6839,0]} Qh3+ {[%eval -6396,0]} 46. Kf2 {
[%eval -6973,0]} Qh2+ {[%eval -6945,0]} 0-1

[Event "Kvika Reykjavik Open 2022"]
[Site "Reykjavik, Iceland"]
[Date "2022.04.07"]
[Round "3.17"]
[White "Doluhanova, Evgeniya"]
[Black "Williams, Simon K"]
[Result "0-1"]
[WhiteElo "2280"]
[BlackElo "2464"]
[PlyCount "82"]
[EventDate "2022.??.??"]

1. e4 {[%eval 33,0]} c5 {[%eval 32,0]} 2. Nf3 {[%eval 0,0]} d6 {[%eval 0,0]} 3.
Bb5+ {[%eval 0,0]} Nc6 {[%eval 22,0]} 4. O-O {[%eval 57,0]} Bd7 {[%eval 35,0]}
5. Re1 {[%eval 48,0]} a6 {[%eval 6,0]} 6. Bf1 {[%eval 28,0]} e5 $6 {[%eval 82,
0] Inaccuracy. Bg4 was best.} (6... Bg4 7. c3 d5 8. exd5 Qxd5 9. Be2 e6 10. d3
Nf6 11. Na3) 7. c3 {[%eval 63,0]} g5 $6 {[%eval 132,0] Inaccuracy. Be7 was
best.} (7... Be7 8. h3 Bf6 9. b4 b6 10. Na3 cxb4 11. Nc4 Be6 12. Ne3) 8. d4 {
[%eval 128,0]} g4 {[%eval 136,0]} 9. d5 {[%eval 142,0]} Nce7 {[%eval 107,0]}
10. Nh4 $6 {[%eval 77,0] Inaccuracy. Nfd2 was best.} (10. Nfd2 h5 11. Nc4 Nc8
12. a4 h4 13. b4 cxb4 14. cxb4 g3 15. fxg3 hxg3 16. h3 Nb6) 10... Bg7 $6 {
[%eval 153,0] Inaccuracy. Nxd5 was best.} (10... Nxd5 11. g3 Nf4 12. Bxf4 exf4
13. Nd2 Qc7 14. b4 Nf6 15. Nc4 Be6 16. a4 Be7 17. gxf4) 11. f4 $6 {[%eval 52,0]
Inaccuracy. g3 was best.} (11. g3 h5 12. a4 Ng6 13. Nf5 Bxf5 14. exf5 N6e7 15.
Nd2 Kf8 16. a5 Bh6 17. Nc4 Bxc1) 11... Bf6 {[%eval 42,0]} 12. Nf5 {[%eval 53,0]
} Nxf5 {[%eval 45,0]} 13. exf5 {[%eval 25,0]} Bxf5 {[%eval 84,0]} 14. Nd2 {
[%eval 36,0]} Ne7 {[%eval 79,0]} 15. Nc4 $6 {[%eval 17,0] Inaccuracy. fxe5 was
best.} (15. fxe5 Bxe5 16. Be2 h5 17. Nc4 f6 18. Rf1 Rg8 19. Bd3 Bxd3 20. Qxd3
Qc7 21. Nxe5 dxe5) 15... e4 {[%eval 0,0]} 16. Ne3 {[%eval 48,0]} Qd7 {[%eval
58,0]} 17. Nxf5 {[%eval 6,0]} Qxf5 {[%eval 59,0]} 18. Qa4+ {[%eval 61,0]} Kf8 {
[%eval 61,0]} 19. Qxe4 {[%eval 66,0]} Qxe4 {[%eval 76,0]} 20. Rxe4 {[%eval 62,
0]} (20. Re2 Qe3+ 21. Rxe3 Nxd5 22. Re4 Kg7 23. Bd2 h5 24. Rae1 b5 25. Bd3)
20... Nxd5 {[%eval 83,0]} 21. Bd2 {[%eval 8,0]} Kg7 {[%eval 37,0]} 22. Rae1 $2
{[%eval -58,0] Mistake. h3 was best.} (22. h3 gxh3 23. g4 h6 24. Bxh3 b5 25.
Bg2 Nb6 26. Rd1 Rae8 27. Rxe8 Rxe8 28. Bb7 d5) 22... h5 {[%eval -94,0]} 23. Bd3
{[%eval -7,0]} b5 {[%eval -196,0]} 24. c4 $2 {[%eval -257,0] Mistake. h3 was
best.} (24. h3 g3) 24... bxc4 {[%eval -262,0]} 25. Bxc4 {[%eval -239,0]} Nb6 {
[%eval -219,0]} 26. Bf1 {[%eval -292,0]} d5 {[%eval -258,0]} 27. R4e2 $6 {
[%eval -323,0] Inaccuracy. Re5 was best.} (27. Re5) 27... c4 $2 {[%eval -297,0]
Mistake. Nc4 was best.} (27... Nc4) 28. Ba5 {[%eval -118,0]} Rab8 {[%eval -284,
0]} 29. Rd2 {[%eval -215,0]} Rhc8 $6 {[%eval -154,0] Inaccuracy. d4 was best.}
(29... d4 30. Rc1 Rhc8 31. Rdd1 Nd5 32. Bxc4 Ne3 33. Bxa6 Rxc1 34. Rxc1 Rxb2
35. Bf1 Nxf1 36. Kxf1) 30. Rc1 $6 {[%eval -224,0] Inaccuracy. Bc3 was best.} (
30. Bc3 Re8 31. Rxe8 Rxe8 32. Kf2 Bxc3 33. bxc3 a5 34. g3 f5 35. h3 Kf6 36. Bg2
Na4) 30... Rc5 {[%eval -293,0]} 31. b4 $6 {[%eval -312,0] Inaccuracy. Bc3 was
best.} (31. Bc3 Na4 32. Bxf6+ Kxf6 33. Rcc2 a5 34. g3 c3 35. bxc3 Rxc3 36. Rxc3
Nxc3 37. Rd3 Rc8) 31... Rc6 $2 {[%eval -293,0] Mistake. Rb5 was best.} (31...
Rb5) 32. a3 {[%eval -115,0]} c3 {[%eval -288,0]} 33. Rdd1 {[%eval -119,0]} Nc4
$6 {[%eval -183,0] Inaccuracy. h4 was best.} (33... h4 34. Bxb6) 34. Bxc4 $4 {
[%eval -639,0] Blunder. b5 was best.} (34. b5) 34... Rxc4 {[%eval -617,0]} 35.
Rc2 {[%eval -738,0]} Re8 {[%eval -551,0]} 36. Bb6 {[%eval -764,0]} Rxf4 {
[%eval -769,0]} 37. g3 {[%eval -761,0]} Rf5 {[%eval -578,0]} 38. Bf2 {[%eval
-788,0]} Re4 {[%eval -763,0]} 39. Rd3 {[%eval -792,0]} Kg6 {[%eval -761,0]} 40.
Kg2 {[%eval -793,0]} Rc4 {[%eval -729,0]} 41. Bc5 {[%eval -862,0]} d4 {[%eval
-868,0]} 0-1

[Event "Kvika Reykjavik Open 2022"]
[Site "Reykjavik, Iceland"]
[Date "2022.04.07"]
[Round "3.18"]
[White "Clarke, Brandon G I"]
[Black "George Samir, David"]
[Result "1-0"]
[WhiteElo "2436"]
[BlackElo "2003"]
[PlyCount "63"]
[EventDate "2022.??.??"]

1. e4 {[%eval 33,0]} e5 {[%eval 12,0]} 2. Nf3 {[%eval 19,0]} Nc6 {[%eval 32,0]}
3. Bc4 {[%eval 21,0]} Nf6 {[%eval 26,0]} 4. d3 {[%eval 2,0]} h6 {[%eval 44,0]}
5. c3 {[%eval 37,0]} d6 {[%eval 28,0]} 6. a4 {[%eval 38,0]} g5 {[%eval 21,0]}
7. Qb3 {[%eval 5,0]} Qe7 {[%eval 6,0]} 8. a5 {[%eval 95,0]} a6 {[%eval 88,0]}
9. h3 {[%eval 94,0]} Bg7 {[%eval 108,0]} 10. Be3 {[%eval 82,0]} O-O {[%eval
117,0]} 11. Nbd2 {[%eval 91,0]} Rd8 $2 {[%eval 223,0] Mistake. Bd7 was best.} (
11... Bd7 12. Ke2 Nh5 13. g4 Nf4+ 14. Bxf4 exf4 15. d4 Rfe8 16. h4 Bxg4 17.
hxg5 hxg5 18. Bd5) 12. g4 {[%eval 227,0]} Rb8 {[%eval 183,0]} 13. Nf1 $2 {
[%eval 53,0] Mistake. Rg1 was best.} (13. Rg1 Nh7) 13... Be6 $6 {[%eval 102,0]
Inaccuracy. b6 was best.} (13... b6 14. axb6 cxb6 15. Ng3 b5 16. Bd5 Nxd5 17.
exd5 Nd4 18. cxd4 exd4 19. Nxd4 Bxd4 20. O-O) 14. Bd5 $2 {[%eval 0,0] Mistake.
Bxe6 was best.} (14. Bxe6 Qxe6 15. Qxe6 fxe6 16. Ke2 Kf7 17. b4 Rh8 18. N1d2
Rbg8 19. Rhg1 Nd7 20. Rgb1 Bf6) 14... Bxd5 {[%eval 7,0]} 15. exd5 {[%eval 28,0]
} e4 {[%eval 9,0]} 16. N3d2 {[%eval 15,0]} Ne5 $6 {[%eval 75,0] Inaccuracy.
exd3 was best.} (16... exd3 17. Ng3) 17. dxe4 {[%eval 112,0]} Nxe4 $6 {[%eval
207,0] Inaccuracy. Nd3+ was best.} (17... Nd3+ 18. Ke2) 18. Nxe4 {[%eval 234,0]
} Nd3+ {[%eval 214,0]} 19. Kd2 {[%eval 212,0]} Qxe4 {[%eval 202,0]} 20. Ng3 {
[%eval 216,0]} Qh7 {[%eval 216,0]} 21. Nf5 {[%eval 186,0]} Ne5 {[%eval 207,0]}
22. Ra4 {[%eval 238,0]} h5 {[%eval 266,0]} 23. Qd1 {[%eval 275,0]} f6 {[%eval
297,0]} 24. f4 {[%eval 258,0]} Nf7 $6 {[%eval 406,0] Inaccuracy. gxf4 was best.
} (24... gxf4 25. Rxf4 c5 26. Rg1 Kh8 27. Kc1 b6 28. Rf2 bxa5 29. Kb1 Rb7 30.
Ka1 a4 31. Qxa4) 25. Qf3 {[%eval 400,0]} Re8 {[%eval 383,0]} 26. Re4 {[%eval
354,0]} Bf8 $2 {[%eval 607,0] Mistake. Rxe4 was best.} (26... Rxe4 27. Qxe4)
27. Re6 {[%eval 585,0]} Rxe6 {[%eval 682,0]} 28. dxe6 {[%eval 703,0]} Nd8 {
[%eval 767,0]} 29. Qe4 {[%eval 637,0]} Be7 {[%eval 836,0]} 30. fxg5 {[%eval
815,0]} fxg5 {[%eval 854,0]} 31. Rf1 {[%eval 859,0]} Nc6 {[%eval 881,0]} 32.
Nxe7+ {[%eval 851,0]} 1-0

[Event "Kvika Reykjavik Open 2022"]
[Site "Reykjavik, Iceland"]
[Date "2022.04.07"]
[Round "3.19"]
[White "Thorfinnsson, Bragi"]
[Black "Bosboom, Ardin"]
[Result "1-0"]
[WhiteElo "2419"]
[BlackElo "2078"]
[PlyCount "71"]
[EventDate "2022.??.??"]

1. e4 {[%eval 33,0]} c5 {[%eval 32,0]} 2. Nf3 {[%eval 0,0]} Nc6 {[%eval 0,0]}
3. Bb5 {[%eval 51,0]} e6 {[%eval 47,0]} 4. O-O {[%eval 5,0]} Nge7 {[%eval 36,0]
} 5. b3 {[%eval 0,0]} Ng6 {[%eval 36,0]} 6. Bb2 {[%eval 5,0]} f6 {[%eval 31,0]}
7. Bxc6 {[%eval 3,0]} bxc6 {[%eval 0,0]} 8. d4 $6 {[%eval 95,0] Inaccuracy. e5
was best.} (8. e5 d5 9. exd6 Bxd6 10. d3 O-O 11. Nbd2 e5 12. Nc4 Bc7) 8... cxd4
{[%eval -99,0]} 9. Qxd4 {[%eval 93,0]} c5 $6 {[%eval 19,0] Inaccuracy. e5 was
best.} (9... e5 10. Qe3) 10. Qe3 {[%eval 23,0]} Be7 {[%eval 29,0]} 11. h4 {
[%eval 0,0]} O-O {[%eval 11,0]} 12. h5 {[%eval 0,0]} Nh8 {[%eval 12,0]} 13. c4
{[%eval 4,0]} Bb7 {[%eval 25,0]} 14. Nc3 {[%eval 3,0]} Qe8 {[%eval 28,0]} 15.
Rad1 {[%eval 1,0]} Bc6 {[%eval 54,0]} 16. h6 {[%eval 92,0]} g5 {[%eval 35,0]}
17. Rfe1 {[%eval 94,0]} g4 {[%eval 106,0]} 18. Nh2 {[%eval 119,0]} Qh5 {
[%eval 103,0]} 19. Qg3 {[%eval 105,0]} f5 $6 {[%eval 232,0] Inaccuracy. Ng6
was best.} (19... Ng6 20. Nd5) 20. exf5 {[%eval 246,0]} Bh4 $4 {[%eval 548,0]
Blunder. Rxf5 was best.} (20... Rxf5 21. Nd5) 21. Qxg4+ {[%eval 534,0]} Qxg4 {
[%eval 539,0]} 22. Nxg4 {[%eval 569,0]} Rxf5 {[%eval 547,0]} 23. Re2 $2 {
[%eval 344,0] Mistake. g3 was best.} (23. g3) 23... Ng6 {[%eval 343,0]} 24. f3
{[%eval 283,0]} Nf4 {[%eval 303,0]} 25. Red2 {[%eval 291,0]} Kf7 $4 {[%eval
665,0] Blunder. Raf8 was best.} (25... Raf8 26. Ne4 d5 27. Nxc5 dxc4 28. Ne4
Be7 29. Bg7 Rc8 30. Nd6 Bxd6 31. Rxd6 c3 32. Rd8+) 26. Ne4 {[%eval 685,0]} Be7
{[%eval 732,0]} 27. Ne5+ {[%eval 718,0]} Ke8 {[%eval 715,0]} 28. Nxc6 {[%eval
698,0]} dxc6 {[%eval 744,0]} 29. Nd6+ {[%eval 727,0]} Bxd6 {[%eval 753,0]} 30.
Rxd6 {[%eval 724,0]} Kf7 {[%eval 877,0]} 31. Rxc6 {[%eval 809,0]} Kg6 {[%eval
789,0]} 32. Rd7 {[%eval 826,0]} Kxh6 {[%eval 865,0]} 33. Bc1 {[%eval 786,0]}
Kg6 {[%eval 786,0]} 34. Bxf4 {[%eval 784,0]} Rxf4 {[%eval 797,0]} 35. Rxe6+ {
[%eval 775,0]} Kf5 {[%eval 1003,0]} 36. Rc6 {[%eval 1027,0]} 1-0